|
|
|
|
| LEADER |
01014nam a2200253 a 4500 |
| 001 |
1151658 |
| 008 |
090817s1998 ilu 001 0 eng d |
| 010 |
|
|
|a 95158635
|
| 020 |
|
|
|a 8185617651
|
| 040 |
|
|
|a DLC
|c DLC
|d DLC
|
| 082 |
0 |
0 |
|a 651.7/55
|2 20
|
| 100 |
1 |
|
|a Baugh, L. Sue.
|
| 245 |
1 |
0 |
|a How to write first-class memos :
|b the handbook for practical memo writing /
|c L. Sue Baugh.
|
| 246 |
3 |
0 |
|a Handbook for practical memo writing
|
| 260 |
|
|
|a Lincolnwood, Ill. ;
|a NewYork :
|b NTC Pub. Group, ;
|a New Delhi :
|b Viva Books,
|c c1998.
|
| 300 |
|
|
|a vii, 216 p. ;
|c 23 cm.
|
| 504 |
|
|
|a Includes index.
|
| 541 |
1 |
|
|e 00012487
|
| 650 |
|
0 |
|a Business writing.
|
| 650 |
|
0 |
|a Memorandums.
|
| 650 |
|
0 |
|a English language
|x Business English.
|
| 852 |
4 |
|
|a Ayesha Abed Library
|j General shelf
|
| 999 |
|
|
|c 3185
|d 3185
|
| 952 |
|
|
|0 0
|1 0
|2 ddc
|4 0
|6 651_755000000000000_BAU
|7 0
|9 2887
|a BRACUL
|b BRACUL
|c GEN
|d 2009-08-30
|g 0.00
|l 5
|m 49
|o 651.755 BAU
|p 3010012487
|r 2018-05-09
|s 2017-07-06
|t 1
|w 2009-08-30
|y BK
|x No price found in the accession register.
|